[Event "POL-chT U19 3rd League Wielkopolska"]
[Site "Wielkopolska"]
[Date "2014.12.30"]
[Round "5.2"]
[White "Dixa, Wiktor"]
[Black "Koperska, Nina"]
[Result "0-1"]
[WhiteElo "1160"]
[BlackElo "1355"]
[PlyCount "120"]
[EventDate "2014.01.18"]
[EventType "team-tourn"]
[EventRounds "9"]
[EventCountry "POL"]
[SourceTitle "EXT 2020"]
[Source "ChessBase"]
[SourceDate "2019.10.17"]
[SourceVersion "1"]
[SourceVersionDate "2019.10.17"]
[SourceQuality "1"]
[WhiteTeam "Kalisz KTS U19 II"]
[BlackTeam "Poznan UMKS Na Pieterku U19 II"]
[WhiteTeamCountry "POL"]
[BlackTeamCountry "POL"]

1. e4 c5 2. Nf3 Nc6 3. d4 cxd4 4. Nxd4 g6 5. Nc3 Bg7 6. Nxc6 bxc6 7. Qf3 Qb6 8. Bd3 Qb4 9. Be2 Nf6 10. a3 Qa5 11. Bd2 Qb6 12. 0-0-0 Rb8 13. Na4 Qb7 14. Kb1 d5 15. exd5 Bg4 16. Qd3 Bf5 17. Qa6 Qxa6 18. Bxa6 cxd5 19. Bf4 Rd8 20. Bc7 0-0 21. Bxd8 Rxd8 22. Nc3 Rb8 23. b3 Rxb3+ 24. Ka2 Rxc3 25. Bd3 Bxd3 26. cxd3 Rc2+ 27. Kb3 Rxf2 28. Rhe1 Nd7 29. Rc1 Rb2+ 30. Ka4 Nb6+ 31. Ka5 Rb3 32. Rc7 Rxa3+ 33. Kb4 Ra4+ 34. Kb3 Bf6 35. Rb7 Ra6 36. Kb4 Nc8 37. Kb5 Rb6+ 38. Rxb6 axb6 39. Rc1 Nd6+ 40. Kxb6 e6 41. g4 Kg7 42. Rc6 Be5 43. h3 Kf6 44. Rc1 Kg5 45. Kc5 Kh4 46. Rh1 Kg3 47. Re1 Bf4 48. Rf1 g5 49. Re1 Kxh3 50. Rh1+ Kxg4 51. Rxh7 Kf5 52. Rh1 g4 53. Rh5+ Kg6 54. Rh4 Kg5 55. Rh1 g3 56. d4 Kg4 57. Rg1 Kf3 58. Rf1+ Ke3 59. Rxf4 Kxf4 60. Kxd6 g2 0-1